Complete the Movie Title (1949) - Statistics

General Stats
  • This quiz has been taken 29 times
  • The average score is 16 of 25
Answer Stats
Hint Answer % Correct
She Wore a Yellow _____ Ribbon
96%
All the King’s _____ Men
93%
Take Me Out to the _____ Game Ball
85%
_____ground Battle
85%
The Blue _____ Lagoon
81%
_____ Affair Holiday
78%
A Letter to Three _____ Wives
78%
A Connecticut _____ in King Arthur's Court Yankee
74%
The Third _____ Man
70%
Adam’s _____ Rib
70%
_____ of Strangers House
67%
The Adventures of Ichabod and Mr. _____ Toad
67%
Kind _____ and Coronets Hearts
63%
_____ Incident Border
56%
The _____head Fountain
56%
The Small Back _____ Room
56%
Blondie Hits the _____ Jackpot
52%
I Was a _____ War Bride Male
52%
_____ of Iwo Jima Sands
52%
White _____ Heat
48%
Flamingo _____ Road
48%
On the _____ Town
37%
Blondie’s Big _____ Deal
33%
The Reckless _____ Moment
33%
Come to the _____ Stable
26%
No matching quizzes found
Score Distribution
Percent of People with Each Score
Percentile by Number Answered
Your Score History
You have not taken this quiz